Operación rescate / (Registro nro. 12065)

Detalles MARC
000 -LIDER
fixed length control field 01089nam a22003737a 4500
001 - NÚMERO DE CONTROL
Identificador de número de control 0011815
003 - IDENTIFICACDOR DE NÚMERO DE CONTROL
control field DO-SdBNP
005 - DATE AND TIME OF LATEST TRANSACTION
control field 20180213152703.0
007 - CAMPOS FIJOS DE DESCRIPCIÓN FÍSICA
fixed length control field 0011815
008 - ELEMENTOS DE LONGITUD FIJA
fixed length control field 161123b 1996 sp a |||| 00| 0 spa d
016 ## - NO. DE CONTROL DE LA AGENCIA BIB. NACIONAL
Record control number
Canceled/invalid record control number
017 ## - NÚMERO DE REGISTRO DE DERECHOS DE AUTOR
Copyright or legal deposit number
Assigning agency
020 ## - ISBN
International Standard Book Number 843481756X
035 ## - NÚMERO LOCAL
System control number
040 ## - FUENTE DE CATALOGACIÓN
Agencia que crea de manera original el registro BPMSU
Idioma de catalogación spa
Agencia que realiza la transcripción BPMSU
Convenciones de la despripción
041 1# - CÓDIGOS DE OBRAS TRADUCIDAS O EN VARIOS IDIOMAS
Código del idioma del texto/archivo de sonido o separata spa
Cód. del idioma original y/o traducciones intermedias del texto
080 ## - NÚMERO DE CLASIFICACIÓN DECIMAL UNIVERSAL
Universal Decimal Classification number
082 ## - NÚMERO DE CLASIFICACIÓN DECIMAL DE DEWEY
Classification number xxxxxxxx
Item number xxxxxxxx
100 1# - ASIENTO PRINCIPAL -- NOMBRE PERSONAL
Nombre personal Van Leeuwen, Jean
240 10 - TITULO UNIFORME
Título uniforme Great rescue operation
Idioma de una obra español
245 10 - MENCIÓN DE TITULO
Título Operación rescate /
Mención de responsabilidad Jean Van Leeuwen ; traducción de Fidel Castellanos ; ilustraciones, Jesús Gabán
Medio (Designación general de material)
250 ## - MENCIÓN DE EDICION
Mención de edición 12a. ed.
260 ## - PUBLICACIÓN, DISTRIBUCIÓN, ETC. (PIE DE IMPRENTA)
Lugar de publicación, distribución, etc Madrid :
Nombre del editor, distribuidor, etc. SM,
Fecha de publicación, distribución, etc 1996.
300 ## - DESCRIPCIÓN FÍSICA
Extensión 121 p. :
Otros detalles físicos il. ;
Dimensiones 19 cm
490 0# - MENCIÓN DE SERIES
Mención de serie El Barco de vapor
Volume/sequential designation 35
500 ## - NOTA GENERAL
Nota general Traducción de: The great rescue operation
700 1# - ASIENTO SECUNDARIO -- NOMBRE PERSONAL
Nombre personal Castellanos, Fidel,
Mención de responsabilidad tr.
700 1# - ASIENTO SECUNDARIO -- NOMBRE PERSONAL
Nombre personal Gabán, Jesús,
Mención de responsabilidad il.
830 ## - ASIENTO SECUNDARIO DE SERIE--TÍTULO UNIFORME
Título uniforme El Barco de vapor
Volume number/sequential designation 35
942 ## - ADDED ENTRY ELEMENTS (KOHA)
Source of classification or shelving scheme Dewey Decimal Classification
Koha item type Libros
945 ## - INFORMACIÓN DE PROCESAMIENTO LOCAL
Información de procesamiento local Inventariado, 2018 / YL
956 ## - LOCAL ELECTRONIC LOCATION AND ACCESS (OCLC)
Nombre de host VMATEO
Método de acceso 10
Materiales especificados 20160408
Enlace BPMSU
Campo enlazado y núm. de secuencia 0069
956 ## - LOCAL ELECTRONIC LOCATION AND ACCESS (OCLC)
Nombre de host BTAVÁREZ
Método de acceso 10
Materiales especificados 20161123
Enlace 0011815
Existencias
Withdrawn status Lost status Source of classification or shelving scheme Damaged status Not for loan Collection code Home library Current library Date acquired Total Checkouts Full call number Barcode Date last seen Price effective from Koha item type
    Dewey Decimal Classification     Colección Infantil General Biblioteca Pública Metropolitana Salomé Ureña Biblioteca Pública Metropolitana Salomé Ureña 11/23/2016   xxxxxxxx xxxxxxxx BPMSU16111522 11/23/2016 11/23/2016 Libros